[Event "World Youth & Cadets Blitz Championships"]
[Site "Rhodes, Greece"]
[Date "2022.05.03"]
[Round "6.36"]
[White "Sala, Giulia"]
[Black "Blokhin, Sofia"]
[Result "0-1"]
[TimeControl "5'/game & 2\"/move"]
[WhiteElo "1648"]
[BlackElo "1764"]

1. e4 {[%clk 00:05:02]} {[%emt 00:00:02]} c5 {[%clk 00:05:03]} {[%emt
00:00:01]} 2. Nf3 {[%clk 00:05:03]} {[%emt 00:00:01]} e6 {[%clk 00:05:04]}
{[%emt 00:00:01]} 3. d4 {[%clk 00:05:04]} {[%emt 00:00:01]} cxd4 {[%clk
00:05:05]} {[%emt 00:00:01]} 4. Nxd4 {[%clk 00:05:05]} a6 {[%clk 00:05:06]}
{[%emt 00:00:01]} 5. Nc3 {[%clk 00:05:06]} {[%emt 00:00:01]} Qc7 {[%clk
00:05:06]} 6. Bd3 {[%clk 00:05:07]} {[%emt 00:00:02]} Nf6 {[%clk 00:05:06]}
{[%emt 00:00:02]} 7. O-O {[%clk 00:05:07]} {[%emt 00:00:01]} Nc6 {[%clk
00:05:07]} {[%emt 00:00:02]} 8. Nb3 {[%clk 00:05:08]} {[%emt 00:00:01]} Be7
{[%clk 00:05:06]} {[%emt 00:00:03]} 9. a4 {[%clk 00:05:04]} {[%emt 00:00:06]}
O-O {[%clk 00:04:58]} {[%emt 00:00:10]} 10. f4 {[%clk 00:05:04]} {[%emt
00:00:02]} d6 {[%clk 00:04:56]} {[%emt 00:00:04]} 11. Kh1 {[%clk 00:05:03]}
{[%emt 00:00:02]} Nb4 {[%clk 00:04:48]} {[%emt 00:00:11]} 12. Be2 {[%clk
00:04:31]} {[%emt 00:00:34]} d5 {[%clk 00:04:39]} {[%emt 00:00:11]} 13. e5
{[%clk 00:04:30]} {[%emt 00:00:03]} Nd7 {[%clk 00:04:23]} {[%emt 00:00:19]} 14.
Rf3 {[%clk 00:04:17]} {[%emt 00:00:14]} b6 {[%clk 00:04:08]} {[%emt 00:00:17]}
15. Rg3 {[%clk 00:04:11]} {[%emt 00:00:06]} Kh8 {[%clk 00:04:05]} {[%emt
00:00:06]} 16. Nd4 {[%clk 00:03:34]} {[%emt 00:00:40]} Nc6 {[%clk 00:03:59]}
{[%emt 00:00:08]} 17. Be3 {[%clk 00:03:32]} {[%emt 00:00:04]} Bc5 {[%clk
00:03:53]} {[%emt 00:00:08]} 18. Rh3 {[%clk 00:03:24]} {[%emt 00:00:10]} Nxd4
{[%clk 00:03:36]} {[%emt 00:00:18]} 19. Bxd4 {[%clk 00:03:25]} {[%emt
00:00:02]} Bxd4 {[%clk 00:03:36]} {[%emt 00:00:02]} 20. Qxd4 {[%clk 00:03:25]}
{[%emt 00:00:01]} Qc5 {[%clk 00:03:32]} {[%emt 00:00:07]} 21. Qd3 {[%clk
00:03:18]} {[%emt 00:00:09]} g6 {[%clk 00:03:25]} {[%emt 00:00:09]} 22. Qg3
{[%clk 00:03:11]} {[%emt 00:00:06]} Qe7 {[%clk 00:02:53]} {[%emt 00:00:36]} 23.
Nd1 {[%clk 00:02:55]} {[%emt 00:00:18]} Re8 {[%clk 00:02:47]} {[%emt 00:00:09]}
24. Ne3 {[%clk 00:02:53]} {[%emt 00:00:04]} d4 {[%clk 00:02:35]} {[%emt
00:00:14]} 25. Nc4 {[%clk 00:02:35]} {[%emt 00:00:20]} Rd8 {[%clk 00:02:29]}
{[%emt 00:00:08]} 26. Nd6 {[%clk 00:02:32]} {[%emt 00:00:04]} Nf8 {[%clk
00:02:20]} {[%emt 00:00:11]} 27. Bf3 {[%clk 00:02:29]} {[%emt 00:00:06]} Rb8
{[%clk 00:02:20]} {[%emt 00:00:02]} 28. Qg5 {[%clk 00:02:13]} {[%emt 00:00:17]}
Qxg5 {[%clk 00:02:16]} {[%emt 00:00:06]} 29. Nxf7+ {[%clk 00:02:14]} {[%emt
00:00:02]} Kg7 {[%clk 00:02:14]} {[%emt 00:00:04]} 30. Nxg5 {[%clk 00:02:14]}
{[%emt 00:00:02]} Bd7 {[%clk 00:01:54]} {[%emt 00:00:22]} 31. Ne4 {[%clk
00:01:53]} {[%emt 00:00:23]} Rbc8 {[%clk 00:01:53]} {[%emt 00:00:04]} 32. Bd1
{[%clk 00:01:34]} {[%emt 00:00:20]} Bc6 {[%clk 00:01:45]} {[%emt 00:00:10]} 33.
Nd6 {[%clk 00:01:33]} {[%emt 00:00:02]} Rc7 {[%clk 00:01:42]} {[%emt 00:00:06]}
34. Rd3 {[%clk 00:01:29]} {[%emt 00:00:06]} g5 {[%clk 00:01:33]} {[%emt
00:00:11]} 35. fxg5 {[%clk 00:00:56]} {[%emt 00:00:34]} Ng6 {[%clk 00:01:34]}
{[%emt 00:00:02]} 36. Rxd4 {[%clk 00:00:52]} {[%emt 00:00:06]} Rcd7 {[%clk
00:01:30]} {[%emt 00:00:06]} 37. Be2 {[%clk 00:00:28]} {[%emt 00:00:26]} Nxe5
{[%clk 00:01:29]} {[%emt 00:00:03]} 38. Rad1 {[%clk 00:00:13]} {[%emt
00:00:17]} Bd5 {[%clk 00:01:30]} {[%emt 00:00:01]} 39. c4 {[%clk 00:00:07]}
{[%emt 00:00:08]} Bc6 {[%clk 00:01:08]} {[%emt 00:00:24]} 40. b4 {[%clk
00:00:06]} {[%emt 00:00:03]} Bxa4 {[%clk 00:01:05]} {[%emt 00:00:05]} 41. Bf3
{[%clk 00:00:03]} {[%emt 00:00:05]} Bxd1 {[%clk 00:00:58]} {[%emt 00:00:09]}
0-1

[Event "World Youth & Cadets Blitz Championships"]
[Site "Rhodes, Greece"]
[Date "2022.05.03"]
[Round "6.37"]
[White "Seemann, Pola"]
[Black "Guid, Taja"]
[Result "1-0"]
[TimeControl "5'/game & 2\"/move"]
[WhiteElo "1439"]
[BlackElo "1447"]

1. e4 {[%clk 00:05:02]} {[%emt 00:00:02]} e6 {[%clk 00:05:04]} {[%emt
00:00:01]} 2. d4 {[%clk 00:05:03]} {[%emt 00:00:01]} d5 {[%clk 00:05:05]} 3.
Bd3 {[%clk 00:05:03]} {[%emt 00:00:01]} dxe4 {[%clk 00:05:06]} {[%emt
00:00:01]} 4. Bxe4 {[%clk 00:05:04]} {[%emt 00:00:01]} Nf6 {[%clk 00:05:07]}
{[%emt 00:00:01]} 5. Bf3 {[%clk 00:05:04]} {[%emt 00:00:02]} Nbd7 {[%clk
00:05:08]} {[%emt 00:00:01]} 6. Ne2 {[%clk 00:04:56]} {[%emt 00:00:10]} Bd6
{[%clk 00:05:09]} {[%emt 00:00:02]} 7. Be3 {[%clk 00:04:53]} {[%emt 00:00:04]}
O-O {[%clk 00:05:08]} {[%emt 00:00:04]} 8. Qd2 {[%clk 00:04:49]} {[%emt
00:00:06]} e5 {[%clk 00:04:56]} {[%emt 00:00:13]} 9. Nbc3 {[%clk 00:04:31]}
{[%emt 00:00:20]} Re8 {[%clk 00:04:54]} {[%emt 00:00:05]} 10. Ng3 {[%clk
00:04:04]} {[%emt 00:00:28]} exd4 {[%clk 00:04:14]} {[%emt 00:00:42]} 11. Qxd4
{[%clk 00:04:01]} {[%emt 00:00:05]} Ne5 {[%clk 00:02:44]} {[%emt 00:01:32]} 12.
O-O-O {[%clk 00:03:41]} {[%emt 00:00:21]} Nxf3 {[%clk 00:02:25]} {[%emt
00:00:22]} 13. gxf3 {[%clk 00:03:41]} {[%emt 00:00:01]} Be6 {[%clk 00:02:19]}
{[%emt 00:00:10]} 14. Rhg1 {[%clk 00:03:35]} {[%emt 00:00:07]} Bxg3 {[%clk
00:01:55]} {[%emt 00:00:27]} 15. fxg3 {[%clk 00:03:09]} {[%emt 00:00:27]} Qxd4
{[%clk 00:01:55]} {[%emt 00:00:02]} 16. Bxd4 {[%clk 00:03:09]} {[%emt
00:00:01]} Nd7 {[%clk 00:01:41]} {[%emt 00:00:17]} 17. Ne4 {[%clk 00:03:02]}
{[%emt 00:00:09]} f6 {[%clk 00:01:24]} {[%emt 00:00:19]} 18. Rge1 {[%clk
00:02:38]} {[%emt 00:00:26]} Kf7 {[%clk 00:01:19]} {[%emt 00:00:07]} 19. Rd3
{[%clk 00:02:34]} {[%emt 00:00:05]} Rad8 {[%clk 00:00:52]} {[%emt 00:00:31]} 20.
Rc3 {[%clk 00:02:28]} {[%emt 00:00:08]} Rc8 {[%clk 00:00:29]} {[%emt 00:00:25]}
21. g4 {[%clk 00:02:10]} {[%emt 00:00:20]} h6 {[%clk 00:00:30]} 22. h4 {[%clk
00:02:09]} {[%emt 00:00:03]} f5 {[%clk 00:00:16]} {[%emt 00:00:15]} 23. gxf5
{[%clk 00:02:05]} {[%emt 00:00:06]} Bxf5 {[%clk 00:00:15]} {[%emt 00:00:04]} 24.
Rg1 {[%clk 00:02:02]} {[%emt 00:00:04]} g6 {[%clk 00:00:15]} {[%emt 00:00:03]}
25. Ng3 {[%clk 00:01:56]} {[%emt 00:00:06]} h5 {[%clk 00:00:10]} {[%emt
00:00:08]} 26. Nxf5 {[%clk 00:01:54]} {[%emt 00:00:04]} gxf5 {[%clk 00:00:11]}
27. Rg7+ {[%clk 00:01:54]} {[%emt 00:00:01]} Ke6 {[%clk 00:00:12]} {[%emt
00:00:02]} 28. Re3+ {[%clk 00:01:54]} {[%emt 00:00:01]} Kd6 {[%clk 00:00:13]}
{[%emt 00:00:02]} 29. Rd3 {[%clk 00:01:50]} {[%emt 00:00:05]} Kc6 {[%clk
00:00:14]} {[%emt 00:00:02]} 30. Bf2 {[%clk 00:01:43]} {[%emt 00:00:08]} Ne5
{[%clk 00:00:15]} {[%emt 00:00:02]} 31. Rc3+ {[%clk 00:01:43]} {[%emt
00:00:02]} Kd6 {[%clk 00:00:15]} {[%emt 00:00:02]} 32. Bg3 {[%clk 00:01:36]}
{[%emt 00:00:09]} Re6 {[%clk 00:00:12]} {[%emt 00:00:05]} 33. Rg5 {[%clk
00:01:31]} {[%emt 00:00:05]} Kd5 {[%clk 00:00:10]} {[%emt 00:00:07]} 34. Rxf5
{[%clk 00:01:30]} {[%emt 00:00:03]} Rce8 {[%clk 00:00:09]} {[%emt 00:00:03]} 35.
f4 {[%clk 00:01:30]} Ke4 {[%clk 00:00:10]} {[%emt 00:00:02]} 36. Rxe5+ {[%clk
00:01:27]} {[%emt 00:00:04]} Rxe5 {[%clk 00:00:11]} {[%emt 00:00:01]} 37. fxe5
{[%clk 00:01:27]} {[%emt 00:00:02]} c6 {[%clk 00:00:13]} {[%emt 00:00:01]} 38.
Kd2 {[%clk 00:01:25]} {[%emt 00:00:03]} Kf5 {[%clk 00:00:13]} {[%emt 00:00:02]}
39. Re3 {[%clk 00:01:25]} {[%emt 00:00:02]} Kg4 {[%clk 00:00:15]} 40. e6 {[%clk
00:01:26]} {[%emt 00:00:01]} Kf5 {[%clk 00:00:16]} 41. e7 {[%clk 00:01:26]}
{[%emt 00:00:01]} Kf6 {[%clk 00:00:17]} {[%emt 00:00:01]} 42. Bd6 {[%clk
00:01:27]} Kf5 {[%clk 00:00:17]} {[%emt 00:00:03]} 43. Rf3+ {[%clk 00:01:27]}
{[%emt 00:00:01]} 1-0

[Event "World Youth & Cadets Blitz Championships"]
[Site "Rhodes, Greece"]
[Date "2022.05.03"]
[Round "6.38"]
[White "Bendik, Margarita"]
[Black "Karas, Eugenia"]
[Result "0-1"]
[TimeControl "5'/game & 2\"/move"]
[WhiteElo "1457"]
[BlackElo "1579"]

1. e4 {[%clk 00:05:02]} {[%emt 00:00:02]} e6 {[%clk 00:05:04]} {[%emt
00:00:01]} 2. d4 {[%clk 00:05:03]} {[%emt 00:00:01]} d5 {[%clk 00:05:05]}
{[%emt 00:00:01]} 3. Nd2 {[%clk 00:05:04]} {[%emt 00:00:01]} c5 {[%clk
00:05:06]} 4. exd5 {[%clk 00:05:04]} {[%emt 00:00:01]} exd5 {[%clk 00:05:07]}
{[%emt 00:00:01]} 5. Ngf3 {[%clk 00:05:05]} {[%emt 00:00:01]} Nc6 {[%clk
00:05:08]} {[%emt 00:00:01]} 6. Bb5 {[%clk 00:05:02]} {[%emt 00:00:04]} Bd6
{[%clk 00:05:09]} {[%emt 00:00:01]} 7. O-O {[%clk 00:05:02]} {[%emt 00:00:02]}
Nge7 {[%clk 00:05:09]} {[%emt 00:00:02]} 8. dxc5 {[%clk 00:05:03]} {[%emt
00:00:02]} Bxc5 {[%clk 00:05:09]} {[%emt 00:00:01]} 9. Nb3 {[%clk 00:05:04]}
{[%emt 00:00:01]} Bb6 {[%clk 00:05:10]} {[%emt 00:00:01]} 10. Re1 {[%clk
00:05:05]} {[%emt 00:00:01]} O-O {[%clk 00:05:10]} {[%emt 00:00:02]} 11. Be3
{[%clk 00:05:06]} Bf5 {[%clk 00:05:10]} {[%emt 00:00:01]} 12. Bxb6 {[%clk
00:04:44]} {[%emt 00:00:25]} Qxb6 {[%clk 00:05:10]} {[%emt 00:00:02]} 13. Bxc6
{[%clk 00:04:43]} {[%emt 00:00:04]} Nxc6 {[%clk 00:05:08]} {[%emt 00:00:03]} 14.
c3 {[%clk 00:04:17]} {[%emt 00:00:29]} Be4 {[%clk 00:05:08]} {[%emt 00:00:02]}
15. Ng5 {[%clk 00:04:07]} {[%emt 00:00:11]} Rae8 {[%clk 00:03:55]} {[%emt
00:01:15]} 16. Qh5 {[%clk 00:03:17]} {[%emt 00:00:52]} Bg6 {[%clk 00:03:30]}
{[%emt 00:00:27]} 17. Qh4 {[%clk 00:02:46]} {[%emt 00:00:33]} h6 {[%clk
00:03:02]} {[%emt 00:00:30]} 18. Nf3 {[%clk 00:02:47]} {[%emt 00:00:02]} Be4
{[%clk 00:02:56]} {[%emt 00:00:07]} 19. Nbd4 {[%clk 00:02:35]} {[%emt
00:00:14]} Nxd4 {[%clk 00:02:38]} {[%emt 00:00:20]} 20. Nxd4 {[%clk 00:02:34]}
{[%emt 00:00:03]} Qxb2 {[%clk 00:02:17]} {[%emt 00:00:23]} 21. Qg3 {[%clk
00:01:36]} {[%emt 00:01:00]} Bg6 {[%clk 00:02:02]} {[%emt 00:00:16]} 22. f4
{[%clk 00:01:31]} {[%emt 00:00:08]} Rxe1+ {[%clk 00:01:38]} {[%emt 00:00:26]}
23. Rxe1 {[%clk 00:01:32]} {[%emt 00:00:01]} Qb6 {[%clk 00:01:16]} {[%emt
00:00:24]} 24. Kh1 {[%clk 00:01:27]} {[%emt 00:00:07]} Qf6 {[%clk 00:01:09]}
{[%emt 00:00:09]} 25. h3 {[%clk 00:00:44]} {[%emt 00:00:45]} Be4 {[%clk
00:01:09]} {[%emt 00:00:03]} 26. Re2 {[%clk 00:00:36]} {[%emt 00:00:10]} Qa6
{[%clk 00:00:59]} {[%emt 00:00:12]} 27. Rb2 {[%clk 00:00:32]} {[%emt 00:00:06]}
b6 {[%clk 00:00:42]} {[%emt 00:00:18]} 28. f5 {[%clk 00:00:31]} {[%emt
00:00:03]} Bxf5 {[%clk 00:00:38]} {[%emt 00:00:06]} 29. Nxf5 {[%clk 00:00:13]}
{[%emt 00:00:20]} Qf1+ {[%clk 00:00:39]} 30. Kh2 {[%clk 00:00:13]} {[%emt
00:00:01]} Qxf5 {[%clk 00:00:40]} {[%emt 00:00:02]} 31. Rf2 {[%clk 00:00:07]}
{[%emt 00:00:07]} Qe6 {[%clk 00:00:38]} {[%emt 00:00:04]} 32. Rd2 {[%clk
00:00:04]} {[%emt 00:00:06]} Re8 {[%clk 00:00:38]} {[%emt 00:00:03]} 33. Rf2
{[%clk 00:00:03]} {[%emt 00:00:02]} Qe5 {[%clk 00:00:37]} {[%emt 00:00:03]} 34.
Rf4 {[%clk 00:00:04]} {[%emt 00:00:01]} g5 {[%clk 00:00:31]} {[%emt 00:00:08]}
35. Rd4 {[%clk 00:00:04]} {[%emt 00:00:02]} Qxg3+ {[%clk 00:00:31]} {[%emt
00:00:03]} 36. Kxg3 {[%clk 00:00:05]} Rc8 {[%clk 00:00:27]} {[%emt 00:00:05]}
37. Rxd5 {[%clk 00:00:05]} {[%emt 00:00:02]} Rxc3+ {[%clk 00:00:28]} {[%emt
00:00:01]} 38. Kg4 {[%clk 00:00:06]} {[%emt 00:00:02]} Kg7 {[%clk 00:00:27]}
{[%emt 00:00:03]} 39. Rd7 {[%clk 00:00:04]} {[%emt 00:00:03]} Kg6 {[%clk
00:00:26]} {[%emt 00:00:03]} 40. Rd6+ {[%clk 00:00:05]} {[%emt 00:00:01]} f6
{[%clk 00:00:27]} {[%emt 00:00:01]} 41. Rd4 {[%clk 00:00:00]} {[%emt 00:00:05]}
0-1

[Event "World Youth & Cadets Blitz Championships"]
[Site "Rhodes, Greece"]
[Date "2022.05.03"]
[Round "6.39"]
[White "Hnatyshyn, Anastasiia"]
[Black "Korolchuk, Vladyslava"]
[Result "1-0"]
[TimeControl "5'/game & 2\"/move"]
[WhiteElo "1784"]
[BlackElo "1245"]

1. e4 {[%clk 00:05:02]} {[%emt 00:00:03]} c5 {[%clk 00:05:03]} {[%emt
00:00:01]} 2. Nf3 {[%clk 00:05:02]} {[%emt 00:00:02]} d6 {[%clk 00:05:03]}
{[%emt 00:00:01]} 3. d4 {[%clk 00:05:03]} {[%emt 00:00:02]} cxd4 {[%clk
00:05:04]} {[%emt 00:00:02]} 4. Nxd4 {[%clk 00:05:03]} {[%emt 00:00:02]} Nf6
{[%clk 00:05:04]} {[%emt 00:00:01]} 5. Nc3 {[%clk 00:05:03]} {[%emt 00:00:02]}
a6 {[%clk 00:05:05]} {[%emt 00:00:02]} 6. a4 {[%clk 00:05:03]} {[%emt
00:00:02]} e5 {[%clk 00:05:04]} {[%emt 00:00:02]} 7. Nf3 {[%clk 00:05:03]}
{[%emt 00:00:01]} Be7 {[%clk 00:05:04]} {[%emt 00:00:03]} 8. Bc4 {[%clk
00:04:48]} {[%emt 00:00:17]} O-O {[%clk 00:05:00]} {[%emt 00:00:06]} 9. O-O
{[%clk 00:04:48]} {[%emt 00:00:02]} Nbd7 {[%clk 00:04:52]} {[%emt 00:00:10]} 10.
Qe2 {[%clk 00:04:33]} {[%emt 00:00:17]} b6 {[%clk 00:04:36]} {[%emt 00:00:19]}
11. Nd5 {[%clk 00:04:18]} {[%emt 00:00:16]} Bb7 {[%clk 00:04:19]} {[%emt
00:00:18]} 12. Rd1 {[%clk 00:03:17]} {[%emt 00:01:03]} Nxd5 {[%clk 00:03:53]}
{[%emt 00:00:29]} 13. Bxd5 {[%clk 00:03:14]} {[%emt 00:00:05]} Bxd5 {[%clk
00:03:46]} {[%emt 00:00:08]} 14. Rxd5 {[%clk 00:03:13]} {[%emt 00:00:04]} Nf6
{[%clk 00:03:44]} {[%emt 00:00:03]} 15. Rd1 {[%clk 00:03:13]} {[%emt 00:00:03]}
Qc7 {[%clk 00:03:40]} {[%emt 00:00:06]} 16. Bg5 {[%clk 00:03:02]} {[%emt
00:00:13]} Rfd8 {[%clk 00:02:59]} {[%emt 00:00:42]} 17. Bxf6 {[%clk 00:02:52]}
{[%emt 00:00:13]} Bxf6 {[%clk 00:02:59]} {[%emt 00:00:02]} 18. Rd5 {[%clk
00:02:25]} {[%emt 00:00:29]} Rac8 {[%clk 00:02:32]} {[%emt 00:00:28]} 19. c3
{[%clk 00:02:21]} {[%emt 00:00:07]} Qc4 {[%clk 00:02:03]} {[%emt 00:00:30]} 20.
Qe3 {[%clk 00:01:29]} {[%emt 00:00:56]} Qb3 {[%clk 00:01:31]} {[%emt 00:00:32]}
21. Qd2 {[%clk 00:01:29]} {[%emt 00:00:03]} Be7 {[%emt 00:00:32]} 22. Ra3
{[%clk 00:01:08]} Qc4 {[%clk 00:01:23]} {[%emt 00:00:04]} 23. Qe3 {[%clk
00:01:06]} {[%emt 00:00:03]} Qc6 {[%clk 00:01:17]} {[%emt 00:00:07]} 24. h3
{[%clk 00:00:56]} {[%emt 00:00:12]} h6 {[%clk 00:01:14]} {[%emt 00:00:06]} 25.
Ra1 {[%clk 00:00:51]} {[%emt 00:00:07]} Ra8 {[%clk 00:00:49]} {[%emt 00:00:26]}
26. a5 {[%clk 00:00:44]} {[%emt 00:00:10]} b5 {[%clk 00:00:38]} {[%emt
00:00:12]} 27. Rad1 {[%clk 00:00:39]} {[%emt 00:00:08]} Rac8 {[%clk 00:00:34]}
{[%emt 00:00:06]} 28. Qd2 {[%clk 00:00:23]} {[%emt 00:00:18]} Qc4 {[%clk
00:00:26]} {[%emt 00:00:08]} 29. Qe1 {[%clk 00:00:12]} {[%emt 00:00:15]} Qa2
{[%clk 00:00:20]} {[%emt 00:00:07]} 30. R1d2 {[%clk 00:00:07]} {[%emt
00:00:08]} Qxa5 {[%clk 00:00:19]} {[%emt 00:00:03]} 31. Qd1 {[%clk 00:00:07]}
{[%emt 00:00:02]} Qc7 {[%clk 00:00:18]} {[%emt 00:00:03]} 32. Qa1 {[%clk
00:00:07]} {[%emt 00:00:02]} Qc6 {[%clk 00:00:18]} {[%emt 00:00:02]} 33. Qa5
{[%clk 00:00:07]} {[%emt 00:00:02]} Kf8 {[%clk 00:00:09]} {[%emt 00:00:11]} 34.
Nh2 {[%clk 00:00:06]} {[%emt 00:00:03]} Kg8 {[%clk 00:00:09]} {[%emt 00:00:02]}
35. Nf1 {[%clk 00:00:07]} {[%emt 00:00:01]} g6 {[%clk 00:00:08]} {[%emt
00:00:04]} 36. Ne3 {[%clk 00:00:07]} {[%emt 00:00:01]} Kg7 {[%clk 00:00:08]}
{[%emt 00:00:02]} 37. Rd1 {[%clk 00:00:07]} {[%emt 00:00:02]} Kg8 {[%clk
00:00:07]} {[%emt 00:00:03]} 38. R5d3 {[%clk 00:00:07]} {[%emt 00:00:02]} Bg5
{[%clk 00:00:04]} {[%emt 00:00:05]} 39. Nd5 {[%clk 00:00:08]} {[%emt 00:00:01]}
Kg7 {[%clk 00:00:04]} {[%emt 00:00:02]} 40. Rf3 {[%clk 00:00:06]} {[%emt
00:00:03]} Bh4 {[%clk 00:00:04]} {[%emt 00:00:02]} 41. g3 {[%clk 00:00:07]}
{[%emt 00:00:02]} Bg5 {[%clk 00:00:04]} {[%emt 00:00:02]} 42. h4 {[%clk
00:00:08]} Bc1 {[%clk 00:00:04]} {[%emt 00:00:02]} 43. Rxc1 {[%clk 00:00:09]}
{[%emt 00:00:01]} Qc4 {[%clk 00:00:04]} {[%emt 00:00:02]} 44. Re1 {[%clk
00:00:08]} {[%emt 00:00:03]} Qb3 {[%clk 00:00:04]} {[%emt 00:00:02]} 45. Qa3
{[%clk 00:00:07]} {[%emt 00:00:03]} Qc4 {[%clk 00:00:04]} {[%emt 00:00:02]} 46.
Qb4 {[%clk 00:00:07]} {[%emt 00:00:02]} Qc7 {[%clk 00:00:00]} {[%emt 00:00:05]}
1-0

[Event "World Youth & Cadets Blitz Championships"]
[Site "Rhodes, Greece"]
[Date "2022.05.03"]
[Round "6.40"]
[White "Aydogan, Arya"]
[Black "Beber, Anja"]
[Result "1-0"]
[TimeControl "5'/game & 2\"/move"]
[WhiteElo "1206"]
[BlackElo "1491"]

1. e4 {[%clk 00:05:01]} {[%emt 00:00:02]} c5 {[%clk 00:05:03]} {[%emt
00:00:02]} 2. Nf3 {[%clk 00:05:01]} {[%emt 00:00:02]} Nc6 {[%clk 00:05:03]}
{[%emt 00:00:02]} 3. Bb5 {[%clk 00:05:01]} {[%emt 00:00:02]} d6 {[%clk
00:05:01]} {[%emt 00:00:04]} 4. O-O {[%clk 00:04:59]} {[%emt 00:00:04]} e6
{[%clk 00:04:59]} {[%emt 00:00:03]} 5. c3 {[%clk 00:04:55]} {[%emt 00:00:06]}
Nf6 {[%clk 00:04:56]} {[%emt 00:00:06]} 6. Re1 {[%clk 00:04:53]} {[%emt
00:00:03]} Be7 {[%clk 00:04:55]} {[%emt 00:00:03]} 7. d4 {[%clk 00:04:49]}
{[%emt 00:00:06]} cxd4 {[%clk 00:04:54]} {[%emt 00:00:03]} 8. cxd4 {[%clk
00:04:50]} {[%emt 00:00:02]} O-O {[%clk 00:04:46]} {[%emt 00:00:10]} 9. Nc3
{[%clk 00:04:44]} {[%emt 00:00:07]} d5 {[%clk 00:04:35]} {[%emt 00:00:13]} 10.
e5 {[%clk 00:04:44]} {[%emt 00:00:03]} Nd7 {[%clk 00:04:29]} {[%emt 00:00:08]}
11. Bd3 {[%clk 00:04:29]} {[%emt 00:00:17]} Qb6 {[%clk 00:03:48]} {[%emt
00:00:43]} 12. Bb1 {[%clk 00:03:48]} {[%emt 00:00:43]} f5 {[%clk 00:02:50]}
{[%emt 00:00:59]} 13. exf6 {[%clk 00:03:34]} {[%emt 00:00:17]} Nxf6 {[%clk
00:02:49]} {[%emt 00:00:02]} 14. a3 {[%clk 00:02:57]} {[%emt 00:00:39]} h6
{[%clk 00:02:40]} {[%emt 00:00:12]} 15. Qd3 {[%clk 00:02:45]} {[%emt 00:00:14]}
Nd8 {[%clk 00:02:31]} {[%emt 00:00:11]} 16. Ne5 {[%clk 00:02:32]} {[%emt
00:00:14]} Nc6 {[%clk 00:01:36]} {[%emt 00:00:58]} 17. Nxc6 {[%clk 00:02:00]}
{[%emt 00:00:34]} Qxc6 {[%clk 00:01:34]} {[%emt 00:00:04]} 18. Bf4 {[%clk
00:00:57]} {[%emt 00:01:05]} Bd7 {[%clk 00:00:45]} {[%emt 00:00:51]} 19. h3
{[%clk 00:00:45]} {[%emt 00:00:14]} Bd6 {[%clk 00:00:43]} {[%emt 00:00:04]} 20.
Bxd6 {[%clk 00:00:36]} {[%emt 00:00:11]} Qxd6 {[%clk 00:00:44]} {[%emt
00:00:01]} 21. f3 {[%clk 00:00:33]} {[%emt 00:00:05]} a6 {[%clk 00:00:45]}
{[%emt 00:00:01]} 22. Bc2 {[%clk 00:00:33]} b5 {[%clk 00:00:43]} {[%emt
00:00:04]} 23. b4 {[%clk 00:00:32]} {[%emt 00:00:04]} Rac8 {[%clk 00:00:37]}
{[%emt 00:00:08]} 24. Rac1 {[%clk 00:00:32]} {[%emt 00:00:01]} Rfe8 {[%clk
00:00:31]} {[%emt 00:00:09]} 25. Bb1 {[%clk 00:00:30]} {[%emt 00:00:04]} Re7
{[%clk 00:00:27]} {[%emt 00:00:05]} 26. Ne2 {[%clk 00:00:29]} {[%emt 00:00:03]}
Be8 {[%clk 00:00:26]} {[%emt 00:00:03]} 27. Rxc8 {[%clk 00:00:27]} {[%emt
00:00:04]} Qd7 {[%clk 00:00:22]} {[%emt 00:00:05]} 28. Rec1 {[%clk 00:00:28]}
{[%emt 00:00:03]} Qd6 {[%clk 00:00:16]} {[%emt 00:00:08]} 29. R1c6 {[%clk
00:00:24]} {[%emt 00:00:06]} Qd7 {[%clk 00:00:15]} {[%emt 00:00:01]} 30. R6c7
{[%clk 00:00:23]} {[%emt 00:00:04]} Qd6 {[%clk 00:00:13]} {[%emt 00:00:05]} 31.
Rxe7 {[%clk 00:00:23]} {[%emt 00:00:02]} Qxe7 {[%clk 00:00:13]} {[%emt
00:00:02]} 32. Qc2 {[%clk 00:00:22]} {[%emt 00:00:02]} Qd6 {[%clk 00:00:12]}
{[%emt 00:00:03]} 33. Qc7 {[%clk 00:00:21]} {[%emt 00:00:03]} Qf8 {[%clk
00:00:08]} {[%emt 00:00:07]} 34. Bg6 {[%clk 00:00:17]} {[%emt 00:00:06]} 1-0